00955nam a2200217 i 450000100060000000300090000600500170001500700030003200800410003510000470007624501590012326000450028230000210032753000350034861000800038365000210046365000260048471000220051085201160053285600890064834665ES-MaACL20230906154956.0t|030207s1898 sp ||||1| spa d1 aBonilla y San Martín, Adolfo,d1875-192614aLos gobiernos de partido / cpor Adolfo Bonilla y San Martín, secretario primero de la Sección de Ciencias Morales y Políticas del Ateneo de Madrid. aMadrid : b[s.n.], c1898 (fImp. Juste) a61 p. ; c25 cm. aDisponible en formato digital.24aAteneo de Madrid. bSección de Ciencias Morales y Políticas-vMemorias. aParlamentarismo.04aPartidos políticos.2 aAteneo de Madrid. aES-MaACLjT-815-F-5 z.- Enc. en un vol. facticio conservando la enc. originalz.- Ded. ms. del autor al Ateneo uhttp://bdh-rd.bne.es/viewer.vm?id=0000097727&page=1 zBiblioteca Digital Hispánica